<?xml version="1.0" encoding="UTF-8"?><?xml-stylesheet type="text/xsl" href="static/style.xsl"?><OAI-PMH xmlns="http://www.openarchives.org/OAI/2.0/" xmlns:xsi="http://www.w3.org/2001/XMLSchema-instance" xsi:schemaLocation="http://www.openarchives.org/OAI/2.0/ http://www.openarchives.org/OAI/2.0/OAI-PMH.xsd"><responseDate>2026-04-27T21:36:00Z</responseDate><request verb="GetRecord" identifier="oai:uvadoc.uva.es:10324/61838" metadataPrefix="marc">https://uvadoc.uva.es/oai/request</request><GetRecord><record><header><identifier>oai:uvadoc.uva.es:10324/61838</identifier><datestamp>2023-09-28T19:01:53Z</datestamp><setSpec>com_10324_38</setSpec><setSpec>col_10324_852</setSpec></header><metadata><record xmlns="http://www.loc.gov/MARC21/slim" xmlns:doc="http://www.lyncode.com/xoai" xmlns:xsi="http://www.w3.org/2001/XMLSchema-instance" xmlns:dcterms="http://purl.org/dc/terms/" xsi:schemaLocation="http://www.loc.gov/MARC21/slim http://www.loc.gov/standards/marcxml/schema/MARC21slim.xsd">
<leader>00925njm 22002777a 4500</leader>
<datafield tag="042" ind1=" " ind2=" ">
<subfield code="a">dc</subfield>
</datafield>
<datafield tag="720" ind1=" " ind2=" ">
<subfield code="a">Hernández González, Javier</subfield>
<subfield code="e">author</subfield>
</datafield>
<datafield tag="260" ind1=" " ind2=" ">
<subfield code="c">2023</subfield>
</datafield>
<datafield tag="520" ind1=" " ind2=" ">
<subfield code="a">En este trabajo se va a profundizar en cómo la Historia de la Matemática puede contribuir&#xd;
a la enseñanza del número durante la etapa de Educación Infantil. Se pretende perseguir un&#xd;
acercamiento a la Matemática por parte del alumnado y hacer de este un elemento motivador para&#xd;
el proceso de enseñanza-aprendizaje. En el documento se profundiza en el conocimiento de las&#xd;
diferentes etapas por las que ha pasado el número hasta llegar al utilizado hoy en día, conociendo&#xd;
las oportunidades didácticas que este proceso ofrece y su relación con el currículo de educación&#xd;
infantil de Castilla y León. Con ello, se llevará a cabo una propuesta didáctica que pretende mostrar&#xd;
una forma diferente de enseñar, poniendo en valor la Historia y la Matemática, dando especial&#xd;
importancia al juego para que el alumnado se interese, se motive y sienta la curiosidad por seguir&#xd;
ampliando sus conocimientos.</subfield>
</datafield>
<datafield tag="520" ind1=" " ind2=" ">
<subfield code="a">In this work we are going to examine in depth how the History of Mathematics can&#xd;
contribute to the teaching of the numbers during the Infant Education stage. The aim is to bring&#xd;
mathematics closer to the pupils and to make it a motivating element in the teaching-learning&#xd;
process. The document delves into the knowledge of the different stages through which the number&#xd;
has passed until reaching the one that is known today, knowing the didactic opportunities offered&#xd;
by this process and deepening its relationship with the early childhood education curriculum in&#xd;
Castilla y León. With this, a didactic proposal will be carried out that aims to show a different way&#xd;
of teaching, placing value on History and Mathematics. Special importance will be given to the&#xd;
game so that the pupils become interested, motivated and curious to continue expanding their&#xd;
knowledge.</subfield>
</datafield>
<datafield tag="024" ind2=" " ind1="8">
<subfield code="a">https://uvadoc.uva.es/handle/10324/61838</subfield>
</datafield>
<datafield ind1=" " ind2=" " tag="653">
<subfield code="a">Matemáticas-Estudio y enseñanza (Infantil)</subfield>
</datafield>
<datafield tag="245" ind1="0" ind2="0">
<subfield code="a">Propuesta didáctica para trabajar el número en educación infantil a través de su historia</subfield>
</datafield>
</record></metadata></record></GetRecord></OAI-PMH>